Statistics for Euro 2016 Qualifying Tournament Participating Teams

Click here to take the quiz!

General Stats

  • This quiz has been taken 526 times
  • The average score is 45 of 53

Answer Stats

Team % Correct
England
97%
Portugal
97%
Republic of Ireland
97%
Spain
97%
Germany
96%
Wales
96%
Sweden
94%
Russia
93%
Northern Ireland
93%
Scotland
93%
Iceland
92%
Poland
92%
Netherlands
92%
Belgium
92%
Slovakia
91%
Turkey
91%
Italy
91%
Finland
90%
Switzerland
90%
Norway
90%
Croatia
90%
Denmark
89%
Austria
89%
Greece
89%
Albania
89%
Slovenia
89%
Serbia
88%
Hungary
88%
Romania
87%
Ukraine
87%
Estonia
87%
San Marino
87%
Latvia
86%
Czech Republic
86%
Lithuania
86%
Andorra
83%
Bosnia and Herzegovina
83%
Luxembourg
80%
FYR Macedonia
79%
Montenegro
78%
Belarus
78%
Bulgaria
77%
Malta
77%
Cyprus
76%
Moldova
72%
Georgia
71%
Israel
71%
Armenia
69%
Azerbaijan
63%
Gibraltar
60%
Liechtenstein
60%
Kazakhstan
51%
Faroe Islands
49%

Score Distribution

Percentile by Number Answered

Percent of People with Each Score

Your Score History

You have not taken this quiz